Disney Films by Character - Statistics

General Stats
  • This quiz has been taken 15,194 times
  • The average score is 16 of 24
Answer Stats
Characters Answer % Correct
Smee; Tinkerbell Peter Pan
96%
Doc; Sleepy; Happy Snow White
96%
Timon; Pumbaa The Lion King
94%
Jafar; Abu; Iago Aladdin
92%
Ariel; Sebastian; Ursula The Little Mermaid
92%
Tigger; Piglet; Eeyore Winnie the Pooh
91%
Bagheera; Baloo The Jungle Book
89%
Zeus; Hera; Hades Hercules
87%
Flower; Thumper Bambi
86%
Jack Sparrow; Davy Jones Pirates of the Caribbean
85%
March Hare; Cheshire Cat Alice in Wonderland
83%
Drizella; Anastasia Cinderella
79%
Lumiere; Cogsworth Beauty and the Beast
78%
Troy; Gabriella High School Musical
67%
Pongo; Perdita 101 Dalmatians
62%
Aslan; Jadis; Mr. Tumnus The Chronicles of Narnia
54%
Merlin; Madam Mim The Sword in the Stone
54%
Mia Thermopolis; Fat Louie The Princess Diaries
44%
Giselle; Queen Narissa Enchanted
40%
Jock; Trusty; Peg Lady and the Tramp
38%
Bert; Jane; Michael Mary Poppins
30%
Ben Gates; Riley Poole National Treasure
17%
Br'er Rabbit; Br'er Fox Song of the South
15%
Charlie Calvin; Bernard The Santa Clause
12%
No matching quizzes found
Score Distribution
Percent of People with Each Score
Percentile by Number Answered
Your Score History
You have not taken this quiz